000 00992nac a22002291u 4500
010 _a 99016963
020 _a0130255386 (casebound)
082 0 0 _a621.38152
_bS9154
090 _c4425
_d4425
100 _aStreetman, Ben G.
245 1 0 _aSolid state electronic devices /
_cBen G. Streetman and Sanjay Banerjee.
250 _a5th ed.
260 _aUpper Saddle River, N.J. :
_bPrentice Hall,
_cc2000.
300 _axviii, 558 p. :
_bill. ;
_c25 cm.
440 0 _aPrentice Hall series in solid state physical electronics
504 _aIncludes bibliographical references and index.
650 0 _aSemiconductors.
700 1 _aBanerjee, Sanjay.
942 _cBB
_k621.38152S9154
999 _c4425
_d4425